| 000 | 00373pab a2200157 454500 | ||
|---|---|---|---|
| 008 | 180718b1980 xxu||||| |||| 00| 0 eng d | ||
| 100 | _aBanerjee, Nirmala | ||
| 245 | _aMunicipal property tax: A new approach (Comments) | ||
| 260 | _c1980 | ||
| 300 | _ap.9-11. | ||
| 362 | _aJul-Sep | ||
| 650 | _aProperty tax | ||
| 773 | _aNagarlok | ||
| 908 | _aN | ||
| 909 | _a102038 | ||
| 999 |
_c102036 _d102036 |
||